| 000 | 00402nam a22001457a 4500 | ||
|---|---|---|---|
| 082 |
_a519.2 _bUSP _cL-2, P-66 |
||
| 100 |
_aUspensky, J.V _939444 |
||
| 245 |
_aMathematical probability _cUspensky, J.V |
||
| 260 |
_aUSA _bMcgraw-hill book company _c1937 |
||
| 300 | _aix, 411, : | ||
| 526 |
_a0 _b0 _c0 _d519_200000000000000_USP |
||
| 650 |
_aMCE _9379 |
||
| 700 |
_aUspensky, J.V _939444 |
||
| 942 |
_2ddc _cBK |
||
| 999 |
_c543936 _d543936 |
||